LEADER 01127nam2-2200349---450 001 990005665210203316 005 20200507125012.0 035 $a000566521 035 $aUSA01000566521 035 $a(ALEPH)000566521USA01 035 $a000566521 100 $a20050401d1913----|||y0itaa50------ba 101 $alat 102 $ait 105 $a0 00||| 200 1 $a<<1: >> Logicam et metaphysicam generalem complectens$fa p. Laurentio Guidi 210 $aFlorentiae$cLibreria editrice fiorentina$d1913 215 $aVIII, 323 p.$d22 cm 461 0$1001000566520$12001$aPrincipia philosophica Aristotelis divique Thomae fere verbis expressa atque ad scholarum usum disposita$v1 620 $dFIRENZE 676 $a185 700 1$aGUIDI,$bLorenzo$0615275 801 0$aIT$bSA$c20111219 912 $a990005665210203316 950 0$aDipar.to di Filosofia - Salerno$dDFAA 185 GUI$e2036 FIL 951 $aAA 185 GUI$b2036 FIL 959 $aBK 969 $aFIL 979 $c20121027$lUSA01$h1525 979 $c20121027$lUSA01$h1615 996 $aLogicam et metaphysicam generalem complectens$91084742 997 $aUNISA LEADER 01288nam0 22003133i 450 001 PBE0038014 005 20231121125607.0 010 $a081466167X 100 $a20161114d1998 ||||0itac50 ba 101 | $aeng 102 $aus 181 1$6z01$ai $bxxxe 182 1$6z01$an 200 1 $a˜A œhistory of liturgical books from the beginning to the thirteenth century$fEric Palazzo$gtranslated by Madeleine Beaumont 210 $aCollegeville, Minn.$cLiturgical Press$dc1998 215 $aXXX, 258 p.$cill. $d23 cm 300 $aContiene : bibliografia 606 $aChiesa cattolica$xStoria$x600-1500$2FIR$3RMLC416327$9I 676 $a264.02$9CULTO PUBBLICO DELLA CHIESA CATTOLICA ROMANA$v21 700 1$aPalazzo$b, Éric$3TO0V019780$0558604 702 1$aBeaumont$b, Madeleine$3PBEV006941 801 3$aIT$bIT-01$c20161114 850 $aIT-FR0017 899 $aBiblioteca umanistica Giorgio Aprea$bFR0017 912 $aPBE0038014 950 0$aBiblioteca umanistica Giorgio Aprea$d 52CIS Smarrito 9/1616$e 52VM 0000685135 VM barcode:00060204. - Inventario:7987 FLSVM$fA $h20070424$i20121204 977 $a 52 996 $aHistory of liturgical books from the beginning to the thirteenth century$93612815 997 $aUNICAS